[Event "Weekend A"]
[Site "Monza ITA"]
[Date "2001.03.17"]
[Round "1"]
[White "Miatello, Alberto"]
[Black "Frontali, Jacopo"]
[Result "1-0"]
[WhiteElo "1869"]
[BlackElo "1720"]
[PlyCount "73"]
[EventDate "2001.03.17"]

1. e4 c5 2. Nf3 e6 3. d4 cxd4 4. Nxd4 Nf6 5. Nc3 d6 6. Be2 Be7 7. O-O Nc6 8.
Be3 a6 9. a4 Qc7 10. f4 Bd7 11. Kh1 Nxd4 12. Bxd4 Bc6 13. Bf3 e5 14. Be3 Rc8
15. a5 exf4 16. Bxf4 b5 17. axb6 Qxb6 18. Qd3 Bb5 19. Nxb5 Qxb5 20. Rxa6 Qxb2
21. Ra7 Qb6 22. Ra6 Qc5 23. Bxd6 Bxd6 24. Qxd6 Qxd6 25. Rxd6 O-O 26. e5 Ne8 27.
Rd2 Rc5 28. Bd5 Nc7 29. Bxf7+ Kh8 30. Re2 Ne6 31. Kg1 Nd4 32. Rd2 Nxc2 33. e6
Ne3 34. e7 Rcc8 35. exf8=Q+ Rxf8 36. Re1 Ng4 37. Re8 1-0

[Event "Weekend A"]
[Site "Monza ITA"]
[Date "2001.03.17"]
[Round "1"]
[White "Olivo, Mario"]
[Black "Whisstock, David"]
[Result "0-1"]
[WhiteElo "1741"]
[BlackElo "1923"]
[PlyCount "56"]
[EventDate "2001.03.17"]

1. d4 Nf6 2. c4 g6 3. Nc3 Bg7 4. e4 d6 5. Be2 O-O 6. Nf3 Nbd7 7. O-O c5 8. d5
Nb6 9. Nd2 e5 10. dxe6 Bxe6 11. a4 Qd7 12. a5 Nc8 13. a6 b6 14. Qc2 Ne7 15. Nb5
Nc6 16. Nb3 Nb4 17. Qb1 Rfd8 18. Rd1 Qe7 19. Bf4 Ne8 20. Qc1 Bc8 21. Qd2 Bxa6
22. Nxd6 Bb7 23. Bf3 a5 24. e5 Bxf3 25. gxf3 a4 26. Nc1 Bxe5 27. Bxe5 Qxe5 28.
Re1 Rxd6 0-1

[Event "Weekend A"]
[Site "Monza ITA"]
[Date "2001.03.17"]
[Round "1"]
[White "Robbio, Pietro"]
[Black "Zacco, Remo"]
[Result "1/2-1/2"]
[WhiteElo "1705"]
[BlackElo "1806"]
[PlyCount "75"]
[EventDate "2001.03.17"]

1. e4 e5 2. Nf3 Nc6 3. Bc4 Nf6 4. Ng5 d5 5. exd5 Na5 6. Bb5+ c6 7. dxc6 bxc6 8.
Be2 h6 9. Nf3 e4 10. Ne5 Bd6 11. d4 exd3 12. Nxd3 Qc7 13. h3 O-O 14. O-O c5 15.
Bf3 Rb8 16. Nc3 Rd8 17. b3 c4 18. bxc4 Qxc4 19. Bd2 Bc7 20. Qc1 Bf5 21. Be2 Ne4
22. Nxe4 Qxe4 23. Bf3 Qa4 24. Be2 Bb6 25. Be3 Nc4 26. Bxb6 axb6 27. Qf4 Qxc2
28. Qxf5 Qxe2 29. Nb4 Rbc8 30. Rfe1 Qb2 31. Rab1 Qd4 32. Re7 Nd6 33. Qe5 Qxe5
34. Rxe5 Re8 35. Rd5 Ne4 36. Re1 Nc3 37. Rxe8+ Rxe8 38. Rd6 1/2-1/2

[Event "Weekend A"]
[Site "Monza ITA"]
[Date "2001.03.17"]
[Round "1"]
[White "Troiani, Mauro"]
[Black "Golia, Franco"]
[Result "1-0"]
[WhiteElo "2030"]
[BlackElo "1768"]
[PlyCount "113"]
[EventDate "2001.03.17"]

1. d4 d5 2. c4 e6 3. Nc3 Nf6 4. cxd5 exd5 5. Bg5 Be7 6. e3 h6 7. Bh4 c6 8. Bd3
O-O 9. Qc2 Nbd7 10. Nf3 Re8 11. Nd2 Nf8 12. O-O-O Be6 13. Nb3 b6 14. f3 N6d7
15. Bxe7 Qxe7 16. h4 c5 17. dxc5 bxc5 18. Bb5 Rec8 19. Nxd5 Bxd5 20. Rxd5 Qxe3+
21. Kb1 Nb6 22. Rxc5 Ne6 23. Rxc8+ Rxc8 24. Qe2 Qf4 25. g4 g6 26. h5 g5 27. Rd1
Qb4 28. Ba6 Re8 29. Qb5 Qe7 30. Re1 Rd8 31. Qf5 Rd5 32. Qe4 Qd7 33. Qc2 Rd6 34.
Rc1 Qe7 35. Qe4 Qf6 36. Bd3 Nf8 37. Qf5 Qe7 38. Qc5 Qf6 39. Bf5 Nfd7 40. Qc3
Kg7 41. Qxf6+ Kxf6 42. Rc7 a6 43. Bxd7 Nxd7 44. Kc2 Ke5 45. Nc5 Nxc5 46. Rxc5+
Kd4 47. Rf5 f6 48. Kb3 Rb6+ 49. Ka3 Kc4 50. b3+ Kc3 51. f4 gxf4 52. Rxf4 Rc6
53. Ka4 Kb2 54. a3 Kc3 55. b4 Kb2 56. b5 axb5+ 57. Kxb5 1-0

[Event "Weekend A"]
[Site "Monza ITA"]
[Date "2001.03.18"]
[Round "2"]
[White "Cammarota, Vittorio"]
[Black "Bonazzi, Edoardo"]
[Result "1/2-1/2"]
[WhiteElo "2086"]
[BlackElo "2095"]
[PlyCount "74"]
[EventDate "2001.03.17"]

1. d4 Nf6 2. Nf3 c5 3. e3 d5 4. Nbd2 e6 5. c3 Be7 6. Bd3 Nbd7 7. O-O Qc7 8. Re1
b6 9. Qe2 Bb7 10. e4 dxe4 11. Nxe4 Nxe4 12. Bxe4 O-O 13. Bf4 Qc8 14. Rad1 Bxe4
15. Qxe4 Nf6 16. Qe2 Rd8 17. h3 Nd5 18. Bc1 Bf6 19. dxc5 Qxc5 20. Ne5 Bxe5 21.
Qxe5 Ne7 22. Qe4 Qc6 23. Qg4 Nf5 24. Bg5 Rd5 25. Rxd5 Qxd5 26. c4 Qd4 27. Qxd4
Nxd4 28. b3 f6 29. Be3 Nc6 30. Rd1 Rd8 31. Rxd8+ Nxd8 32. Kf1 Kf7 33. Ke2 Nc6
34. a3 Na5 35. c5 bxc5 36. Bxc5 Nc6 37. b4 a6 1/2-1/2

[Event "Weekend A"]
[Site "Monza ITA"]
[Date "2001.03.18"]
[Round "2"]
[White "Frontali, Jacopo"]
[Black "Golia, Franco"]
[Result "0-1"]
[WhiteElo "1720"]
[BlackElo "1768"]
[PlyCount "107"]
[EventDate "2001.03.17"]

1. c4 Nf6 2. Nc3 c5 3. g3 Nc6 4. Bg2 g6 5. e4 d6 6. h3 Bg7 7. Nge2 O-O 8. d3 a6
9. a3 Rb8 10. Rb1 b5 11. cxb5 axb5 12. b4 cxb4 13. axb4 Bd7 14. O-O Ne8 15. Be3
e6 16. Qb3 e5 17. Nd5 Be6 18. f4 Ne7 19. fxe5 Bxe5 20. Bh6 Bxd5 21. exd5 Qb6+
22. Kh2 Ng7 23. Bf4 Bxf4 24. Rxf4 Ngf5 25. d4 Rbc8 26. g4 Ng7 27. Rbf1 f5 28.
Qe3 Rce8 29. Nc3 g5 30. R4f2 f4 31. Qd3 h6 32. Be4 Rc8 33. Bh7+ Kh8 34. Re1 Ng8
35. Ne4 Nf6 36. Bf5 Rcd8 37. Nxf6 Rxf6 38. Be6 Re8 39. Rff1 Qb8 40. Bd7 Ref8
41. Bxb5 f3 42. Rf2 Qb7 43. Bc6 Qxb4 44. Ref1 Rf4 45. Rxf3 Rxf3 46. Rxf3 Rxf3
47. Qxf3 Qd2+ 48. Kg3 Qe1+ 49. Qf2 Qe7 50. Bb5 h5 51. Bd3 h4+ 52. Kg2 Kg8 53.
Bb1 Qb7 54. Qc2 0-1

[Event "Weekend A"]
[Site "Monza ITA"]
[Date "2001.03.18"]
[Round "2"]
[White "Giuberchio, Cesare"]
[Black "Miatello, Alberto"]
[Result "0-1"]
[WhiteElo "1801"]
[BlackElo "1869"]
[PlyCount "52"]
[EventDate "2001.03.17"]

1. e4 c5 2. Nf3 e6 3. d4 cxd4 4. Nxd4 Nc6 5. Nc3 a6 6. f4 Qc7 7. Be2 Bb4 8. O-O
Nxd4 9. Kh1 Bxc3 10. bxc3 Qxc3 11. Rb1 Qxc2 12. Bb2 Qxd1 13. Bxd1 e5 14. fxe5
Ne6 15. Bh5 g6 16. Be2 Ne7 17. Ba3 b5 18. Rf2 Bb7 19. Rbf1 Rf8 20. Bd3 Rc8 21.
Bb1 Rc4 22. Rd2 Ng5 23. Rfd1 Bc6 24. Bd3 Ra4 25. Bd6 Nxe4 26. Re2 Nc3 0-1

[Event "Weekend A"]
[Site "Monza ITA"]
[Date "2001.03.18"]
[Round "2"]
[White "Lamola, Giuseppe"]
[Black "Robbio, Pietro"]
[Result "1-0"]
[WhiteElo "1774"]
[BlackElo "1705"]
[PlyCount "98"]
[EventDate "2001.03.17"]

1. e4 Nf6 2. e5 Nd5 3. d4 d6 4. c4 Nb6 5. f4 dxe5 6. fxe5 Nc6 7. Be3 Bf5 8. Nf3
Nb4 9. Na3 e6 10. Be2 Be7 11. O-O O-O 12. Qb3 a5 13. Rfd1 Be4 14. Nd2 Bc6 15.
Qc3 Bg5 16. Bxg5 Qxg5 17. Bf3 Rfd8 18. Bxc6 Nxc6 19. Nf3 Qe7 20. Nb5 Rd7 21. a3
a4 22. Rd3 Na5 23. Nd2 Qd8 24. Rf1 c5 25. Nd6 cxd4 26. Qxd4 Nc8 27. N2e4 Nc6
28. Qc3 Qa5 29. Qxa5 Rxa5 30. Rg3 Rxd6 31. exd6 Nb6 32. c5 Nd7 33. Nf6+ Nxf6
34. Rxf6 Rxc5 35. Rff3 Kf8 36. Re3 Rd5 37. Rd3 Rxd3 38. Rxd3 Ke8 39. d7+ Kd8
40. Kf2 Ne5 41. Rd4 Nxd7 42. Rxa4 Kc7 43. Ke2 Kb6 44. Rh4 h6 45. Rg4 g6 46.
Rb4+ Kc7 47. Ke3 Nb6 48. Kd4 Nd7 49. Ra4 Kc8 1-0

[Event "Weekend A"]
[Site "Monza ITA"]
[Date "2001.03.18"]
[Round "2"]
[White "Santelli, Francesco"]
[Black "Olivo, Mario"]
[Result "1-0"]
[WhiteElo "1698"]
[BlackElo "1741"]
[PlyCount "71"]
[EventDate "2001.03.17"]

1. e4 c5 2. Nf3 d6 3. d4 cxd4 4. Nxd4 Nf6 5. Nc3 a6 6. Bd3 e5 7. Nb3 h6 8. Qe2
Be7 9. Bd2 b5 10. a4 b4 11. Nd5 Nxd5 12. exd5 a5 13. c3 bxc3 14. bxc3 O-O 15.
O-O f5 16. Bb5 Bg5 17. f4 Bf6 18. Rac1 Nd7 19. Be3 exf4 20. Bxf4 Ne5 21. Be3
Bg5 22. Nd4 f4 23. Bd2 Bg4 24. Nf3 Nxf3+ 25. gxf3 Bh3 26. Rfd1 Rf6 27. Be1 Rf7
28. Bf2 Re7 29. Qd2 Qf8 30. Re1 Raa7 31. Bxa7 Rxe1+ 32. Rxe1 Qf7 33. Bd4 Bh4
34. Re8+ Kh7 35. Bd3+ g6 36. Rh8# 1-0

[Event "Weekend A"]
[Site "Monza ITA"]
[Date "2001.03.18"]
[Round "2"]
[White "Zacco, Remo"]
[Black "Mazzariol, Oscar"]
[Result "1/2-1/2"]
[WhiteElo "1806"]
[BlackElo "1774"]
[PlyCount "73"]
[EventDate "2001.03.17"]

1. e4 c5 2. Nf3 e6 3. d4 cxd4 4. Nxd4 a6 5. g3 Nf6 6. Bg2 Nc6 7. Be3 Qc7 8. O-O
Be7 9. Nc3 O-O 10. Qe2 Rd8 11. f4 d5 12. e5 Nxd4 13. Bxd4 Ne4 14. Nxe4 dxe4 15.
c3 Bd7 16. Bxe4 Bb5 17. Bd3 Bxd3 18. Qxd3 Bc5 19. Rad1 Rd5 20. Qe2 Bxd4+ 21.
Rxd4 Rxd4 22. cxd4 Rc8 23. Rd1 Qa5 24. a3 Qd5 25. Qd3 g6 26. h4 h5 27. Kh2 b5
28. Qe2 Rc4 29. Qf2 Qe4 30. Rd2 a5 31. Qg2 Rxd4 32. Qxe4 Rxe4 33. Kg2 Re3 34.
Kf2 Rb3 35. Ke2 Kf8 36. Kf2 Ke8 37. Kg2 1/2-1/2

[Event "Weekend A"]
[Site "Monza ITA"]
[Date "2001.03.18"]
[Round "3"]
[White "Bonazzi, Edoardo"]
[Black "Giuberchio, Cesare"]
[Result "1-0"]
[WhiteElo "2095"]
[BlackElo "1801"]
[PlyCount "127"]
[EventDate "2001.03.17"]

1. c4 Nf6 2. g3 e6 3. Bg2 d5 4. Nf3 Be7 5. O-O O-O 6. d4 b6 7. Ne5 Bb7 8. Nc3
c6 9. Qa4 Nbd7 10. Nxd7 Nxd7 11. e4 Nf6 12. Rd1 a6 13. cxd5 cxd5 14. e5 Nd7 15.
Be3 b5 16. Qc2 Rc8 17. Qd3 Nb6 18. b3 Bb4 19. Ne2 Qe7 20. Bc1 Qd7 21. Bb2 Rc6
22. Rac1 Rfc8 23. Rxc6 Rxc6 24. Rc1 Qc7 25. Rxc6 Qxc6 26. Bc3 Bxc3 27. Qxc3
Qxc3 28. Nxc3 b4 29. Nd1 Na8 30. f4 Nc7 31. Kf2 a5 32. Ke3 Ba6 33. Bh3 Kf8 34.
f5 Ke7 35. fxe6 fxe6 36. Nb2 Bb5 37. Kd2 Be8 38. Bf1 Nb5 39. Bxb5 Bxb5 40. Nd1
Kf7 41. Ne3 Ke7 42. Kc2 Be8 43. Kb2 h5 44. a3 g5 45. axb4 axb4 46. Nc2 Kf7 47.
Nxb4 Kg6 48. Nd3 Kf5 49. Nf2 Kg6 50. Kc3 Kf7 51. Kb4 Ke7 52. Kc5 Kd7 53. h4
gxh4 54. gxh4 Kc7 55. b4 Bg6 56. Nh3 Bf5 57. Nf4 Bg4 58. b5 Kb7 59. Kd6 Kb6 60.
Nxe6 Kxb5 61. Kxd5 Bf3+ 62. Kd6 Kc4 63. Ng5 Kxd4 64. Nxf3+ 1-0

[Event "Weekend A"]
[Site "Monza ITA"]
[Date "2001.03.18"]
[Round "3"]
[White "Golia, Franco"]
[Black "Zacco, Remo"]
[Result "1/2-1/2"]
[WhiteElo "1768"]
[BlackElo "1806"]
[PlyCount "63"]
[EventDate "2001.03.17"]

1. d4 f5 2. Nc3 d5 3. Nf3 Nf6 4. h4 e6 5. h5 c6 6. h6 g6 7. Bg5 Be7 8. e3 Nbd7
9. Ne5 Nxe5 10. dxe5 Nd7 11. Bxe7 Qxe7 12. f4 Nb6 13. a3 Bd7 14. Qd2 O-O-O 15.
O-O-O Kb8 16. Kb1 Rhg8 17. Be2 g5 18. g3 gxf4 19. gxf4 Rg3 20. Bf1 Rdg8 21. Qf2
c5 22. Ne2 R3g6 23. Qh4 Qf8 24. Nc3 Rg4 25. Qf2 R4g6 26. Qh4 Rg3 27. Bb5 R3g4
28. Qh2 Rg2 29. Qh4 Bc6 30. Bxc6 bxc6 31. b3 R8g3 32. Kb2 {...} 1/2-1/2

[Event "Weekend A"]
[Site "Monza ITA"]
[Date "2001.03.18"]
[Round "3"]
[White "Mazzariol, Oscar"]
[Black "Lamola, Giuseppe"]
[Result "0-1"]
[WhiteElo "1774"]
[BlackElo "1774"]
[PlyCount "124"]
[EventDate "2001.03.17"]

1. e4 d5 2. exd5 Qxd5 3. Nc3 Qa5 4. d4 c6 5. Nf3 Bg4 6. h3 Bh5 7. g4 Bg6 8. Ne5
Nf6 9. Nc4 Qc7 10. Bd3 Nbd7 11. Qf3 Bxd3 12. Qxd3 Nb6 13. Be3 Nfd5 14. Ne5 e6
15. Ne4 Nxe3 16. Qxe3 Nd5 17. Qd2 O-O-O 18. Ng5 f6 19. Nxe6 Qe7 20. Nxd8 Kxd8
21. O-O-O fxe5 22. dxe5 Kc8 23. c4 Nb6 24. Qd4 g6 25. f4 Bg7 26. Rhe1 Re8 27.
a4 Qb4 28. f5 gxf5 29. gxf5 Qxc4+ 30. Qxc4 Nxc4 31. f6 Bh6+ 32. Kb1 Nxe5 33. f7
Re7 34. Rd6 Bg7 35. Rf6 Bf8 36. Rg1 Ng6 37. h4 Kd8 38. h5 Ne5 39. Rg8 Nd7 40.
Rf5 Re1+ 41. Kc2 Ke7 42. Rh8 h6 43. Rg8 Re6 44. Rg3 Rf6 45. Re3+ Kxf7 46. Ra5
Rf2+ 47. Kc1 Bg7 48. Rb3 Bd4 49. Rxb7 Ke6 50. b4 Kd6 51. Ra6 Ne5 52. b5 Nd3+
53. Kd1 Nb4 54. Raxa7 Bxa7 55. Rxa7 cxb5 56. axb5 Rf6 57. Ra4 Kc5 58. Ra7 Kxb5
59. Rg7 Kc5 60. Rg6 Nd5 61. Kd2 Kd6 62. Kd3 Nf4+ 0-1

[Event "Weekend A"]
[Site "Monza ITA"]
[Date "2001.03.18"]
[Round "3"]
[White "Miatello, Alberto"]
[Black "Whisstock, David"]
[Result "1-0"]
[WhiteElo "1869"]
[BlackElo "1923"]
[PlyCount "123"]
[EventDate "2001.03.17"]

1. e4 e6 2. d4 d5 3. e5 c5 4. c3 Nc6 5. Nf3 Bd7 6. Be2 Rc8 7. O-O Qb6 8. a3 c4
9. Nbd2 Na5 10. Ne1 Ne7 11. f4 Nf5 12. Rf3 Be7 13. g3 O-O 14. Ng2 Nh6 15. Ne3
f5 16. Qf1 Be8 17. Qh3 Bg6 18. Rf2 Qd8 19. Bh5 Qe8 20. Bxg6 Qxg6 21. Qg2 b6 22.
Rb1 Ng4 23. Re2 Nxe3 24. Rxe3 Qg4 25. Nf3 Nb3 26. Bd2 Qg6 27. Rf1 h6 28. h3 Kh7
29. Bc1 Qf7 30. h4 a5 31. Qh3 Rh8 32. h5 Rhf8 33. Re2 Kg8 34. Rg2 Rc7 35. g4
fxg4 36. Rxg4 Qf5 37. Kh1 Rf7 38. Rfg1 Nxc1 39. Rxc1 a4 40. Rcg1 Bd8 41. Nd2 b5
42. R1g2 Kf8 43. Kh2 Rce7 44. Nf1 Rb7 45. Ne3 Qd3 46. Qg3 Ra7 47. Rg6 Qe4 48.
Rf2 Rf5 49. Nxf5 Qxf5 50. Qh3 Qxh3+ 51. Kxh3 Rf7 52. Rxe6 Bg5 53. Kg3 Be7 54.
Rb6 b4 55. Rb8+ Bd8 56. Rxd8+ Ke7 57. Rb8 bxa3 58. bxa3 Ke6 59. f5+ Ke7 60.
Rb7+ Ke8 61. Rxf7 Kxf7 62. Rb2 1-0

[Event "Weekend A"]
[Site "Monza ITA"]
[Date "2001.03.18"]
[Round "3"]
[White "Olivo, Mario"]
[Black "Frontali, Jacopo"]
[Result "1-0"]
[WhiteElo "1741"]
[BlackElo "1720"]
[PlyCount "75"]
[EventDate "2001.03.17"]

1. d4 Nf6 2. c4 g6 3. Nc3 Bg7 4. e4 d6 5. Be2 O-O 6. Nf3 Nbd7 7. O-O c6 8. Bg5
e5 9. Qd2 a6 10. Rad1 Qc7 11. Bh6 Nb6 12. Bxg7 Kxg7 13. Nh4 Qe7 14. Qg5 Nfd5
15. Qg3 Nf4 16. Bg4 Kh8 17. dxe5 dxe5 18. b3 Bxg4 19. Qxg4 h5 20. Qg3 Rad8 21.
Nf3 Rxd1 22. Rxd1 Qb4 23. Nxe5 Qxc3 24. Qxf4 Qc2 25. Rc1 Qb2 26. Nxg6+ fxg6 27.
Qxf8+ Kh7 28. Qf7+ Kh6 29. Qf4+ Kg7 30. Re1 Qc3 31. Qe3 Qxe3 32. Rxe3 Kf6 33.
f4 Nd7 34. Kf2 g5 35. g3 gxf4 36. gxf4 Nf8 37. Rh3 Ne6 38. Rxh5 1-0

[Event "Weekend A"]
[Site "Monza ITA"]
[Date "2001.03.18"]
[Round "3"]
[White "Robbio, Pietro"]
[Black "Cammarota, Vittorio"]
[Result "1/2-1/2"]
[WhiteElo "1705"]
[BlackElo "2086"]
[PlyCount "107"]
[EventDate "2001.03.17"]

1. e4 c5 2. Nf3 Nc6 3. d4 cxd4 4. Nxd4 Qb6 5. Nxc6 bxc6 6. Bd3 Nf6 7. O-O Qc7
8. f4 d6 9. Nd2 Rb8 10. Qe1 g6 11. Nf3 Bg7 12. e5 dxe5 13. Nxe5 O-O 14. Rb1 Nd5
15. a3 Bxe5 16. fxe5 Be6 17. Bh6 Qb6+ 18. Kh1 Rfd8 19. h4 Qd4 20. h5 gxh5 21.
Bf5 Kh8 22. Bxe6 fxe6 23. c3 Qg4 24. Qf2 Qg6 25. Bd2 Rf8 26. Qe1 Rg8 27. Qe2
Rg7 28. c4 Nb6 29. Rbc1 Nd7 30. b4 Rbg8 31. Rf2 Qg3 32. Bc3 Rg4 33. Qf3 Rh4+
34. Kg1 Qh2+ 35. Kf1 Qh1+ 36. Ke2 Qxc1 37. Qd3 Re4+ 38. Qxe4 Qxc3 39. Qxc6
Qxe5+ 40. Kf1 Nf6 41. Re2 Qf5+ 42. Qf3 Qb1+ 43. Re1 Qc2 44. c5 Rg5 45. Qe2 Rf5+
46. Kg1 Qxe2 47. Rxe2 Nd5 48. Rxe6 Kg7 49. Ra6 h4 50. Rxa7 Kf6 51. c6 e5 52. c7
Nxc7 53. Rxc7 e4 54. Rc1 1/2-1/2

[Event "Weekend A"]
[Site "Monza ITA"]
[Date "2001.03.18"]
[Round "3"]
[White "Troiani, Mauro"]
[Black "Santelli, Francesco"]
[Result "1-0"]
[WhiteElo "2030"]
[BlackElo "1698"]
[PlyCount "119"]
[EventDate "2001.03.17"]

1. d4 Nf6 2. c4 e5 3. dxe5 Ng4 4. Bf4 Nc6 5. Nf3 Bb4+ 6. Nbd2 Qe7 7. a3 Ngxe5
8. Nxe5 Nxe5 9. e3 Bxd2+ 10. Qxd2 a5 11. Qc3 f6 12. Be2 c5 13. O-O O-O 14. Rfd1
d6 15. h3 Be6 16. Rd2 Qf7 17. Rc1 Rfd8 18. Bxe5 dxe5 19. Rxd8+ Rxd8 20. Qxa5
Qe7 21. Qc3 Rd6 22. Rd1 Rxd1+ 23. Bxd1 Qd7 24. Bf3 b6 25. Qc2 f5 26. Be2 e4 27.
b3 Qd6 28. Qd1 Qxd1+ 29. Bxd1 Kf7 30. Kf1 Ke7 31. Ke1 Kd6 32. Kd2 Kc6 33. Kc3
g5 34. b4 Bf7 35. a4 cxb4+ 36. Kxb4 f4 37. Bg4 Bg6 38. Be6 h5 39. Bd5+ Kc7 40.
c5 h4 41. Kc4 Bf5 42. cxb6+ Kxb6 43. exf4 gxf4 44. Kd4 f3 45. gxf3 exf3 46. Ke3
Bxh3 47. Kxf3 Ka5 48. Bc6 Bf1 49. Kf4 h3 50. Kg3 Kb6 51. Bd7 Bg2 52. f4 Kc7 53.
Bxh3 Bc6 54. a5 Bb5 55. Kf2 Kb7 56. Bf1 Bd7 57. Ke3 Kc6 58. Kd4 Kd6 59. Bd3 Bc6
60. a6 1-0

[Event "Weekend A"]
[Site "Monza ITA"]
[Date "2001.03.24"]
[Round "4"]
[White "Giuberchio, Cesare"]
[Black "Olivo, Mario"]
[Result "0-1"]
[WhiteElo "1801"]
[BlackElo "1741"]
[PlyCount "60"]
[EventDate "2001.03.17"]

1. e4 c5 2. Nf3 d6 3. d4 cxd4 4. Nxd4 Nf6 5. Nc3 a6 6. Bc4 e6 7. Bb3 b5 8. Qe2
Qc7 9. Be3 Nbd7 10. f3 Nc5 11. g4 Nxb3 12. axb3 Bb7 13. O-O-O d5 14. g5 b4 15.
Na4 Nd7 16. exd5 Bxd5 17. Rhe1 Be7 18. Nf5 Bxb3 19. Rxd7 Qxd7 20. Nb6 Qc6 21.
Nxa8 exf5 22. Bd4 O-O 23. Kb1 Be6 24. Qe5 Bf6 25. gxf6 Rc8 26. Qe2 Rxa8 27. Qg2
g6 28. Qd2 Rc8 29. Rc1 b3 30. Bc3 Qa4 0-1

[Event "Weekend A"]
[Site "Monza ITA"]
[Date "2001.03.24"]
[Round "4"]
[White "Golia, Franco"]
[Black "Mazzariol, Oscar"]
[Result "1-0"]
[WhiteElo "1768"]
[BlackElo "1774"]
[PlyCount "105"]
[EventDate "2001.03.17"]

1. d4 Nf6 2. Bg5 d5 3. Bxf6 exf6 4. e3 Bd6 5. c4 dxc4 6. Bxc4 O-O 7. Nf3 c6 8.
O-O Be6 9. Bd3 f5 10. Nbd2 Nd7 11. Qc2 g6 12. Nc4 Be7 13. Nce5 Bd5 14. Nxd7
Qxd7 15. Ne5 Qc7 16. Bc4 Rad8 17. Qb3 Bf6 18. Bxd5 Rxd5 19. Nf3 Rfd8 20. Rac1
g5 21. g3 Qd7 22. Rc5 f4 23. Rxd5 Qxd5 24. Qxd5 Rxd5 25. gxf4 gxf4 26. e4 Ra5
27. a3 Ra4 28. Rd1 Rc4 29. Rd2 h5 30. Kf1 Kf8 31. Ke2 Ke7 32. Kd3 Rc1 33. e5
Bg7 34. Ke4 f6 35. Kf5 fxe5 36. dxe5 Rc5 37. Re2 Kf7 38. Ng5+ Ke7 39. Kxf4 Bh6
40. Kf5 Rc4 41. f4 Bxg5 42. Kxg5 h4 43. f5 h3 44. e6 Rc1 45. f6+ Ke8 46. e7
Rg1+ 47. Kf5 Rf1+ 48. Ke6 c5 49. Re3 c4 50. Rxh3 Re1+ 51. Kd5 Kf7 52. Rh8 Rd1+
53. Kxc4 1-0

[Event "Weekend A"]
[Site "Monza ITA"]
[Date "2001.03.24"]
[Round "4"]
[White "Lamola, Giuseppe"]
[Black "Miatello, Alberto"]
[Result "0-1"]
[WhiteElo "1774"]
[BlackElo "1869"]
[PlyCount "87"]
[EventDate "2001.03.17"]

1. e4 c5 2. c3 d5 3. exd5 Qxd5 4. d4 e6 5. Nf3 Nf6 6. Be2 cxd4 7. cxd4 Nc6 8.
Nc3 Qd6 9. O-O Be7 10. Nb5 Qd8 11. Bf4 Nd5 12. Bg3 a6 13. Nc3 O-O 14. Ne4 f5
15. Bd3 f4 16. Ne5 Nxe5 17. dxe5 fxg3 18. hxg3 Nb4 19. Bc4 b5 20. Bb3 Qxd1 21.
Rfxd1 Nc6 22. f4 Na5 23. Rac1 Nxb3 24. axb3 Bb7 25. Nd6 Bd5 26. Rc7 Bd8 27. Rc3
Bb6+ 28. Kh2 b4 29. Rcd3 Bc7 30. f5 Bxd6 31. fxe6 Bxe6 32. exd6 Rfd8 33. Re3
Bf5 34. Rd4 Rac8 35. g4 Bg6 36. Re7 Rc2 37. Rc7 Rxb2 38. d7 Kf7 39. Rxb4 Rd2
40. Rbb7 Ke7 41. Ra7 R8xd7 42. Rxd7+ Rxd7 43. Rxa6 Rb7 44. b4 0-1

[Event "Weekend A"]
[Site "Monza ITA"]
[Date "2001.03.24"]
[Round "4"]
[White "Santelli, Francesco"]
[Black "Robbio, Pietro"]
[Result "0-1"]
[WhiteElo "1698"]
[BlackElo "1705"]
[PlyCount "110"]
[EventDate "2001.03.17"]

1. e4 Nf6 2. e5 Nd5 3. c4 Nb6 4. d4 d6 5. Nf3 Bg4 6. Be2 e6 7. exd6 cxd6 8. b3
Be7 9. Nc3 O-O 10. O-O Nc6 11. Re1 d5 12. c5 Bxf3 13. Bxf3 Nd7 14. Bf4 b6 15.
cxb6 Qxb6 16. Be3 Bf6 17. Na4 Qd8 18. Rc1 Rc8 19. Qd2 Be7 20. Nc5 Nxd4 21. Bxd4
Bxc5 22. b4 Bxd4 23. Qxd4 Qb6 24. Qd2 Nf6 25. a4 Qb8 26. Qd4 Rc7 27. Rc5 Rxc5
28. Qxc5 Rc8 29. Qa5 Qc7 30. Qa6 Nd7 31. Qd3 Qc4 32. Qb1 Rb8 33. Be2 Qxb4 34.
Qxb4 Rxb4 35. Bb5 Nb6 36. Rc1 Nc4 37. Kf1 Kf8 38. Ke2 Ke7 39. Kd3 Rb2 40. Bxc4
dxc4+ 41. Rxc4 Rxf2 42. Rc7+ Kf6 43. Rxa7 Rxg2 44. a5 Rxh2 45. a6 Ra2 46. Kc4
h5 47. Kb3 Ra5 48. Kb4 Ra1 49. Kb5 h4 50. Rc7 h3 51. Rc2 g5 52. Kb6 g4 53. Rh2
g3 54. Rxh3 g2 55. Rg3 g1=Q+ 0-1

[Event "Weekend A"]
[Site "Monza ITA"]
[Date "2001.03.24"]
[Round "4"]
[White "Whisstock, David"]
[Black "Bonazzi, Edoardo"]
[Result "0-1"]
[WhiteElo "1923"]
[BlackElo "2095"]
[PlyCount "70"]
[EventDate "2001.03.17"]

1. f4 Nf6 2. Nf3 g6 3. e3 Bg7 4. d4 O-O 5. Be2 d6 6. O-O Nbd7 7. Nc3 Re8 8. e4
c5 9. d5 c4 10. h3 b5 11. a3 Qa5 12. Be3 Bb7 13. Qd2 e6 14. dxe6 Rxe6 15. Ng5
Ree8 16. f5 h6 17. Nxf7 Kxf7 18. fxg6+ Kg8 19. Qxd6 Rad8 20. Rf5 Ne5 21. Qc5
Nxe4 22. Nxe4 Bxe4 23. Rf7 Nxf7 24. gxf7+ Kxf7 25. Rf1+ Kg8 26. Bxc4+ Kh7 27.
Bb3 Qb6 28. Qxb6 axb6 29. Bxb6 Rd2 30. Rf2 Rxf2 31. Kxf2 Bxb2 32. Bc5 Rc8 33.
Bb4 Bxc2 34. Bd5 Bd4+ 35. Ke2 Bc5 0-1

[Event "Weekend A"]
[Site "Monza ITA"]
[Date "2001.03.24"]
[Round "4"]
[White "Zacco, Remo"]
[Black "Troiani, Mauro"]
[Result "1-0"]
[WhiteElo "1806"]
[BlackElo "2030"]
[PlyCount "67"]
[EventDate "2001.03.17"]

1. e4 c5 2. Nf3 d6 3. c3 Nf6 4. Be2 g6 5. O-O Bg7 6. Re1 Nc6 7. d4 cxd4 8. cxd4
Nd7 9. Nc3 O-O 10. Be3 Nb6 11. h3 Bd7 12. a4 a5 13. Qb3 Nb4 14. Nb5 d5 15. e5
Rc8 16. Rec1 Bf5 17. Ne1 Qd7 18. Bd2 Nc6 19. Qe3 Rfd8 20. b3 f6 21. g4 Be6 22.
exf6 exf6 23. Nd3 Bf8 24. Nc5 Bxc5 25. dxc5 d4 26. Qg3 Nd5 27. Nd6 Rc7 28. Bc4
Ncb4 29. Bb5 Nc6 30. Ne4 f5 31. gxf5 Bxf5 32. Ng5 Ra8 33. Bc4 Kh8 34. Bxd5 1-0

[Event "Weekend A"]
[Site "Monza ITA"]
[Date "2001.03.25"]
[Round "5"]
[White "Bonazzi, Edoardo"]
[Black "Miatello, Alberto"]
[Result "1-0"]
[WhiteElo "2095"]
[BlackElo "1869"]
[PlyCount "91"]
[EventDate "2001.03.17"]

1. e4 c5 2. Nf3 e6 3. d4 cxd4 4. Nxd4 Nc6 5. Nc3 a6 6. Nxc6 bxc6 7. Bd3 d5 8.
O-O Nf6 9. Re1 d4 10. Nb1 e5 11. Nd2 Bb4 12. a3 Ba5 13. b4 Bc7 14. Nc4 O-O 15.
Bd2 Be6 16. Qe2 Bxc4 17. Bxc4 a5 18. c3 Re8 19. a4 Qd6 20. Reb1 Nd7 21. g3 Nb6
22. Bb3 dxc3 23. Bxc3 axb4 24. Bxb4 c5 25. Be1 Qe7 26. a5 Nc8 27. Bd5 Ra7 28.
Rb7 Rxb7 29. Bxb7 Bxa5 30. Bc6 Bxe1 31. Bxe8 Bxf2+ 32. Qxf2 Qxe8 33. Qxc5 Qd8
34. Qd5 Qb6+ 35. Kg2 Qb2+ 36. Kh3 h5 37. Ra8 Qe2 38. Rxc8+ Kh7 39. Qd7 Qf1+ 40.
Kh4 Qf6+ 41. Kxh5 Qg6+ 42. Kh4 Qf6+ 43. Kg4 Qg6+ 44. Kf3 Qh5+ 45. Qg4 Qxh2 46.
Qf5+ 1-0

[Event "Weekend A"]
[Site "Monza ITA"]
[Date "2001.03.25"]
[Round "5"]
[White "Cammarota, Vittorio"]
[Black "Santelli, Francesco"]
[Result "1-0"]
[WhiteElo "2086"]
[BlackElo "1698"]
[PlyCount "69"]
[EventDate "2001.03.17"]

1. d4 Nf6 2. Nf3 b6 3. Bf4 Bb7 4. e3 e6 5. Nbd2 c5 6. c3 Be7 7. Bd3 d5 8. Qe2
c4 9. Bc2 b5 10. a3 Nbd7 11. h3 Qb6 12. O-O a5 13. Rfe1 O-O 14. e4 dxe4 15.
Nxe4 Nd5 16. Bg5 Rac8 17. Bxe7 Nxe7 18. Nfg5 h6 19. Nh7 Kxh7 20. Nf6+ Kh8 21.
Nxd7 Qc6 22. Qe4 Qxe4 23. Bxe4 Bxe4 24. Rxe4 Rfd8 25. Ne5 Nd5 26. Nxf7+ Kg8 27.
Nxd8 Rxd8 28. Rxe6 b4 29. axb4 axb4 30. cxb4 Nxb4 31. Ra4 Nd3 32. Rxc4 Nxb2 33.
Rc7 Rxd4 34. Ree7 g5 35. Rc8+ 1-0

[Event "Weekend A"]
[Site "Monza ITA"]
[Date "2001.03.25"]
[Round "5"]
[White "Frontali, Jacopo"]
[Black "Giuberchio, Cesare"]
[Result "0-1"]
[WhiteElo "1720"]
[BlackElo "1801"]
[PlyCount "101"]
[EventDate "2001.03.17"]

1. c4 Nf6 2. Nc3 d5 3. cxd5 Nxd5 4. g3 g6 5. Bg2 Nb6 6. e4 Bg7 7. Nge2 Nc6 8.
h3 O-O 9. O-O e5 10. a3 Be6 11. f4 Qd7 12. Kh2 exf4 13. Nxf4 Rad8 14. Ncd5 Bxd5
15. exd5 Ne7 16. Qb3 Nf5 17. d3 Nd4 18. Qd1 Qb5 19. a4 Qb3 20. a5 Nc8 21. Ra3
Qxd1 22. Rxd1 Rfe8 23. b4 Ne2 24. Nxe2 Rxe2 25. Bf4 Nd6 26. Rc1 Bb2 27. Ra2
Bxc1 28. Rxe2 Bxf4 29. gxf4 Kf8 30. Rc2 Rd7 31. Be4 Ke8 32. Kg3 Re7 33. Re2 Kd7
34. Kf2 Nb5 35. Rc2 Nd6 36. Re2 a6 37. Ke1 Nf5 38. Kd2 Ng3 39. Re1 f5 40. Bf3
Rxe1 41. Kxe1 Nh5 42. Bxh5 gxh5 43. Kd2 Kd6 44. Kc3 Kxd5 45. h4 h6 46. Kd2 Kd4
47. Kc2 Ke3 48. Kc3 Kxf4 49. Kd4 Kg4 50. Ke3 f4+ 51. Ke4 0-1